| 000 | 00443cam a2200157u 4500 | ||
|---|---|---|---|
| 082 |
_a620.1 _bBRO _cL-5, P-15 |
||
| 100 | 1 |
_aBrown, Frank Logan, _940648 |
|
| 245 | 1 | 0 | _aEngineering mechanics |
| 250 | _a2d ed. | ||
| 260 |
_aNew York, _bJ. Wiley & sons, _c1942. |
||
| 300 |
_axv, 503 p. _billus., diagrs. _c24 cm. |
||
| 526 |
_a0 _b0 _c0 _d620_100000000000000_BRO |
||
| 650 | 0 |
_aMCE _9379 |
|
| 650 | 0 |
_aMechanics, Applied. _913090 |
|
| 942 |
_2ddc _cBK |
||
| 999 |
_c544902 _d544902 |
||